Thái độ của người lao động hiện nay đối với cuộc sống /

محفوظ في:
التفاصيل البيبلوغرافية
المؤلف الرئيسي: Lê Hương
التنسيق: مقال
اللغة:Vietnamese
الموضوعات:
الوسوم: إضافة وسم
لا توجد وسوم, كن أول من يضع وسما على هذه التسجيلة!
Thư viện lưu trữ: Thư viện Trường Đại học Đà Lạt
LEADER 00739nam a2200265 4500
001 DLU060051562
040 # # |a DLU  |b vie 
041 # # |a vie 
044 # # |a vn 
100 # # |a Lê Hương 
245 # # |a Thái độ của người lao động hiện nay đối với cuộc sống /  |c Lê Hương 
653 # # |a Người lao động 
653 # # |a Tâm lý xã hội 
773 # # |t Tâm lý xã hội  |g Số 8(77), 2005, tr.8-12 
920 # # |a Phòng Tạp chí -- Trung tâm Thông tin - Thư viện Trường Đại học Đà Lạt 
933 # # |a CT, TN 
994 # # |a DLU 
900 # # |a True 
911 # # |a Nguyễn Thị Yên 
925 # # |a G 
926 # # |a A 
927 # # |a BB 
980 # # |a Thư viện Trường Đại học Đà Lạt